Wszystkie Miasta Śląska - Statystyki

Ogólne statystyki
  • Ten quiz został rozwiązany 90 razy
  • Średni wynik to 29 z 72
Statystyki odpowiedzi
Populacja Miasta Miasto % Poprawnych
280 190 Katowice
97%
166 765 Bielsko Biała
85%
101 914 Chorzów
85%
208 282 Częstochowa
85%
171 023 Gliwice
83%
208 282 Sosnowiec
83%
123 105 Tychy
83%
149 576 Bytom
82%
155 430 Zabrze
80%
114 765 Dąbrowa Górnicza
72%
54 322 Będzin
70%
131 532 Ruda Śląska
70%
63 892 Siemianowice Śląskie
70%
33 251 Cieszyn
68%
61 439 Tarnowskie Góry
68%
87 552 Jaworzno
67%
131 744 Rybnik
67%
71 634 Mysłowice
65%
41 327 Mikołów
60%
52 137 Piekary Śląskie
60%
61 817 Żory
60%
50 130 Racibórz
57%
83 139 Jastrzębie Zdrój
55%
25 260 Pszczyna
55%
45 795 Świętochłowice
53%
46 727 Zawiercie
53%
34 943 Czechowice Dziedzice
52%
29 717 Myszków
50%
10 711 Wisła
50%
29 878 Żywiec
50%
45 120 Wodzisław Śląski
47%
23 427 Lubliniec
43%
18 966 Bieruń
42%
30 165 Czeladź
40%
16 007 Ustroń
40%
16 132 Radzionków
37%
16 466 Lędziny
33%
12 327 Kłobuck
30%
5347 Szczyrk
30%
35 899 Knurów
28%
6971 Miasteczko Śląskie
28%
26 695 Czerwionka Leszczyny
25%
8543 Wojkowice
25%
2493 Olsztyn
23%
17 153 Pyskowice
23%
5714 Siewierz
23%
8209 Kalety
22%
3518 Toszek
22%
21 274 Łaziska Górne
20%
21 824 Orzesze
20%
17 026 Radlin
20%
9411 Imielin
18%
5449 Koniecpol
18%
20 359 Rydułtowy
18%
4378 Żarki
17%
9151 Blachownia
15%
2395 Koziegłowy
15%
6461 Łazy
15%
8179 Poręba
15%
4143 Woźniki
15%
6879 Sławków
13%
4672 Kuźnia Raciborska
12%
3370 Szczekociny
12%
1776 Pilica
10%
1964 Sośnicowice
10%
13 090 Pszów
8%
4145 Krzepice
7%
13 613 Skoczków
5%
3560 Strumień
5%
3180 Wilamowice
5%
2030 Krzanowice
3%
4115 Ogrodziniec
2%
Nie znaleziono quizów pasujących do podanych kryteriów
Rozkład punktacji
Procent ludzi z każdym wynikiem
Percentyl według liczby udzielonych odpowiedzi
Twoja historia wyników
Nie rozwiązałeś tego quizu